Dans tes bras - Wejdene - Statistiques

Statistiques générales
  • Ce quiz a été pris 16 fois
  • Le résultat moyen est 116 sur 181
Statistiques - réponses
Paroles % Correct
en
92%
Je
92%
ton
92%
tu
92%
Tu
92%
bras
85%
dans
85%
Dans
85%
encore
85%
es
85%
le
85%
parfum
85%
sens
85%
te
85%
a
77%
de
77%
me
77%
ne
77%
pas
77%
que
77%
si
77%
tes
77%
Dommage
69%
est
69%
jusqu'au
69%
lendemain
69%
moi
69%
mon
69%
Mon
69%
plus
69%
rester
69%
seul
69%
une
69%
babe
62%
c'est
62%
corps
62%
dernière
62%
62%
et
62%
fois
62%
J'irai
62%
m'embrasses
62%
m'enlaces
62%
n'es
62%
oh
62%
retenir
62%
rien
62%
Toi
62%
toi
62%
voulais
62%
avec
54%
chéri
54%
coeur
54%
connait
54%
(Emmène)
54%
Est-ce
54%
fait
54%
Ici
54%
J'aurais
54%
l'effet
54%
mains
54%
mieux
54%
peux
54%
qui
54%
quiconque
54%
revenir
54%
rêver
54%
Car
46%
Emmène-moi
46%
(Emmène-moi)
46%
éteinte
46%
il
46%
j'ai
46%
long
46%
lumière
46%
ressens
46%
tombe
46%
tout
46%
besoin
38%
dire
38%
d'le
38%
Glisser
38%
J'irais
38%
love
38%
m'effraie
38%
n'y
38%
plein
38%
pour
38%
sincère
38%
vol
38%
vrai
38%
ramasses
31%
ah
23%
Ici-bas
23%
ah ah ah
15%
ouh ouh
15%
ouh ouh ouh
8%
Aucun quiz correspondant
Distribution des résultats
% des personnes avec chaque résultat
Percentile par nombre de réponses
Votre historique - résultats
Vous n’avez pas pris ce quiz